Relaciones de genero, poder e identidad femenina en cambio : (Record no. 4517)

000 -CABECERA
fixed length control field 01147nam a22002417a 4500
003 - IDENTIFICADOR DEL NÚMERO DE CONTROL
control field AR-CdUCM
008 - DATOS DE LONGITUD FIJA--INFORMACIÓN GENERAL
fixed length control field 190308b ||||| |||| 00| 0 spa d
020 ## - NÚMERO INTERNACIONAL ESTÁNDAR DEL LIBRO
ISBN 978-9972-691-82-9
040 ## - FUENTE DE LA CATALOGACIÓN
Agencia/entidad que catalogó originalmente la obra MUNICIPALIDAD PROVINCIAL DEL CUSCO
Entidad que transcribió la catalogación BIBLIOTECA MUNICIPAL DEL CUSCO
082 ## - NÚMERO DE LA CLASIFICACIÓN DECIMAL DEWEY
No. de Clasificación 305.4 /
Notacion interna M42
100 ## - ENTRADA PRINCIPAL--NOMBRE DE PERSONA
Nombre Personal Meentzen, Angela
245 ## - MENCIÓN DE TÍTULO
Título Relaciones de genero, poder e identidad femenina en cambio :
Resto del título El orden social de los aymaras rurales peruanos desde la perspectiva femenina /
260 ## - PUBLICACIÓN, DISTRIBUCIÓN, ETC.
Lugar de publicación, distribución, etc. Cusco :
Nombre de la editorial, distribuidor, etc. Centro Bartolomé de las Casas,
Fecha de publicación, distribución, etc. 2007.
300 ## - DESCRIPCIÓN FÍSICA
Nº de Páginas Extensión 351 paginas ;
Dimensiones 23 cm.
440 ## - MENCIÓN DE SERIE/PUNTO DE ACCESO ADICIONAL--TÍTULO
Título Centro Bartolomé de las Casas
Número de la parte/sección de una obra 10
9 (RLIN) 14163
505 ## - NOTA DE CONTENIDO CON FORMATO
Nota de contenido formateada Contenido : Genero y pueblos indígenas en América Latina -- Investigación andina, subjetividad y procesos de cambio en las relaciones de genero en comunidades aymaras rurales -- Panorama histórico de los aymaras de la región de Puno ...
650 ## - PUNTO DE ACCESO ADICIONAL DE MATERIA--TÉRMINO DE MATERIA
Descriptor Relaciones de genero
9 (RLIN) 14164
650 ## - PUNTO DE ACCESO ADICIONAL DE MATERIA--TÉRMINO DE MATERIA
Descriptor Aymaras
9 (RLIN) 14165
650 ## - PUNTO DE ACCESO ADICIONAL DE MATERIA--TÉRMINO DE MATERIA
Descriptor Identidad de la mujer en el Perú
9 (RLIN) 14166
710 ## - PUNTO DE ACCESO ADICIONAL--NOMBRE DE ENTIDAD CORPORATIVA
Nombre corporativo (En letras Mayúsculas) Estudios regionales andinos Bartolomé de las casas
9 (RLIN) 14167
942 ## - ELEMENTOS DE PUNTO DE ACCESO ADICIONAL (KOHA)
Fuente de clasificación
Tipo de item Libros-BMC
945 ## - PROCESAMIENTO DE INFORMACIÓN LOCAL (OCLC)
Catalogador rah
Holdings
Estado de retiro (separado) Fuente de clasificación o esquema de estanterías Estado dañado Ubicación Sala donde se ubica Nombre de la colección Fecha de adquisición o compra Costo, precio normal en soles Signatura topográfica Código de Barras Última vez visto (Koha) Tipo de ítem (Koha)
No     Sala Humanidades Sala Humanidades Book Cart 2019-03-08 20.00 305.4 / M42 SH0000004855 2019-03-08 Libros-BMC

Powered by Koha